000 00433nam a22001697a 4500
005 20160518141817.0
008 160518b xxu||||| |||| 00| 0 eng d
020 _a81-219-0589-3
041 _aeng
082 _b2943
100 _aKapoor A.N.
_9752
245 _aA guide to Business Correspondence and Comm. Skills
260 _aNew Delhi
_bSultan Chand & Sons.
_c2008
300 _a385
650 _aManagement
_9241
942 _cBK
999 _c1025
_d1025